00937nam a2200277 i 4500001001000000003000900010005001700019007000300036008004100039040003000080082001900110100003700129245008800166264006400254300002700318336002700345337003300372338002800405490002700433590002800460710002000488910000700508942001300515952011400528999001700642000029237DO-SdBNP20260321073645.0ta110414s200? dr 000 0 spa d aDO-SdBNPbspacBNPHUerda 4axxxbB742J2221 a Bosch, Juan, d1909-200197655510aJuan Bosch ideario :bcien ideas en los cien años de su natalicio /cJuan Bosch  aSanto Domingo :bFundación Juan Bosch :bINAFOCAM,c19-?. a26 paginas. ;c22 cm.  2rdacontentatextobtxt 2rdamediaasin mediaciónbn 2rdacarrieravolumenbnc aFundación Juan Bosch aInventariado, 2023 / DG aINAFOCAM987335 aDG 2ddccLF2 00102ddc51708PDaBNPHUbBNPHUcCTd2023-04-25l0oBNPHU F-PD B742p2023-1488r2023-04-25w2023-04-25yLF2 c53347d53347